000 00952nam a2200265Ia 4500
001 22039
005 20260320113336.0
008 260320s9999||||xx |||||||||||||| ||und||
020 _a9786124102899
041 _aESP
082 _a741.5985
_bR74
100 _aRodríguez, Luis,
_eAUT
245 0 _a¡Necesitamos tiras nacionales! :
_bintroducción al estudio de las historietas limeñas de mediados del siglo XX
246 _a
_5
_b
250 _aPrimera edición
260 _aLima :
_bUniversidad Antonio Ruiz de Montoya,
_c2025
300 _a157 páginas :
_bilustraciones ;
_c19 cm.
_e
440 _a(Aportes para una historia cultural del Perú contemporáneo)
_n
_v
650 _aABD
653 _aCómics; Cultura popular; Identidad de grupo; Estereotipo
654 _aCAU
700 _a
_c
856 _uhttps://0u20jo9hc-y-https-www-jstor-org.itmsp.museknowledge.com/
_zVéase además: Base de datos JSTOR
942 _cLIB
_dJUS
_fMAT
_2ddc
_n
999 _c22039
_d22039